Normal view MARC view

Entry Meeting Name

Number of records used in: 1

001 - CONTROL NUMBER

  • control field: 5953

003 - CONTROL NUMBER IDENTIFIER

  • control field: OSt

005 - DATE AND TIME OF LATEST TRANSACTION

  • control field: 20211105132724.0

008 - FIXED-LENGTH DATA ELEMENTS

  • fixed length control field: 211105|| aca||aabn | a|a d

040 ## - CATALOGING SOURCE

  • Original cataloging agency: OSt
  • Transcribing agency: OSt

111 ## - HEADING--MEETING NAME

  • Meeting name or jurisdiction name as entry element: International School of Physics "Enrico Fermi"
  • Location of meeting: Italy
  • Date of meeting or treaty signing: 1967 June 26- July 15

670 ## - SOURCE DATA FOUND

  • Source citation: Work cat.: (OSt): International School of Physics "Enrico Fermi" Italy 1967 June 26- July 15, Nuclear structure and nuclear reactions, 1969

Powered by Koha